Valores de la persona y técnicas educativas (Record no. 5290)

MARC details
000 -LEADER
campo de control de longitud fija 01494nmc a2200433 a 4500
003 - IDENTIFICADOR DE NÚMERO DE CONTROL
campo de control AR-BaBNM
005 - FECHA Y HORA DE LA ÚLTIMA TRANSACCIÓN
campo de control 20251128203857.0
008 - DATOS DE LONGITUD FIJA--INFORMACIÓN GENERAL
campo de control de longitud fija 011101s1986 ||||||||||||||000 | spa||
040 ## - FUENTE DE CATALOGACIÓN
Centro/agencia transcriptor AR-BaBNM
111 2# - ENTRADA PRINCIPAL--NOMBRE DE CONGRESO/REUNIÓN
Nombre de congreso/reunión o jurisdicción como elemento de entrada Congreso Iberoamericano de Educación sobre Valores de la Persona y Técnicas Educativas
Fecha del congreso o de la firma del tratado 1981
Sede del congreso/Lugar de la reunión Buenos Aires
245 10 - MENCIÓN DEL TÍTULO
Título Valores de la persona y técnicas educativas
250 ## - MENCION DE EDICION
Mención de edición 2ª ed.
260 ## - PUBLICACIÓN, DISTRIBUCIÓN, ETC.
Lugar de publicación, distribución, etc. Buenos Aires
Nombre del editor, distribuidor, etc. Docencia
Fecha de publicación, distribución, etc. 1986
300 0# - DESCRIPCIÓN FÍSICA
Extensión 179 p.
Otros detalles físicos láms., tablas
490 #0 - MENCIÓN DE SERIE
Mención de serie Congreso Pedagógico : compromiso y creatividad
Designación de volumen o secuencia 28
500 1# - NOTA GENERAL
Nota general Contiene el discurso del Ministro de Cultura y Educación, Ingeniero Carlos Burundarena
504 ## - NOTA DE BIBLIOGRAFÍA, ETC.
Nota de bibliografía, etc. Nota Contiene bibliografía en notas a pie de página
600 14 - PUNTO DE ACCESO ADICIONAL DE MATERIA--NOMBRE DE PERSONA
Nombre de persona Burundarena, Carlos A.
610 24 - PUNTO DE ACCESO ADICIONAL DE MATERIA--NOMBRE DE ENTIDAD CORPORATIVA
Nombre de entidad corporativa o nombre de jurisdicción como elemento de entrada Congreso Iberoamericano de Educación
650 #4 - PUNTO DE ACCESO ADICIONAL DE MATERIA--TÉRMINO DE MATERIA
Término de materia o nombre geográfico como elemento de entrada FILOSOFIA DE LA EDUCACION
650 #4 - PUNTO DE ACCESO ADICIONAL DE MATERIA--TÉRMINO DE MATERIA
Término de materia o nombre geográfico como elemento de entrada CRISIS DE LA EDUCACION
650 #4 - PUNTO DE ACCESO ADICIONAL DE MATERIA--TÉRMINO DE MATERIA
Término de materia o nombre geográfico como elemento de entrada FORMACION DE DOCENTES
650 #4 - PUNTO DE ACCESO ADICIONAL DE MATERIA--TÉRMINO DE MATERIA
Término de materia o nombre geográfico como elemento de entrada FINALIDADES DE LA EDUCACION
650 #4 - PUNTO DE ACCESO ADICIONAL DE MATERIA--TÉRMINO DE MATERIA
Término de materia o nombre geográfico como elemento de entrada CRISIS DE LA EDUCACION
650 #4 - PUNTO DE ACCESO ADICIONAL DE MATERIA--TÉRMINO DE MATERIA
Término de materia o nombre geográfico como elemento de entrada FINALIDADES DE LA EDUCACION
653 #0 - TÉRMINO DE INDIZACIÓN--NO CONTROLADO
Término no controlado EDUCACION EN VALORES
700 1# - ENTRADA AGREGADA--NOMBRE PERSONAL
Nombre de persona Yela Granizo, Mariano
700 1# - ENTRADA AGREGADA--NOMBRE PERSONAL
Nombre de persona Gozzer, Giovanni
700 1# - ENTRADA AGREGADA--NOMBRE PERSONAL
Nombre de persona De la Orden Hoz, Arturo
700 1# - ENTRADA AGREGADA--NOMBRE PERSONAL
Nombre de persona López Quintás, Alfonso
700 1# - ENTRADA AGREGADA--NOMBRE PERSONAL
Nombre de persona Prini, Pietro
700 1# - ENTRADA AGREGADA--NOMBRE PERSONAL
Nombre de persona Beck, Heinrich
700 1# - ENTRADA AGREGADA--NOMBRE PERSONAL
Nombre de persona Bianchi, Ariel Edgardo
700 1# - ENTRADA AGREGADA--NOMBRE PERSONAL
Nombre de persona Mandrioni, Héctor Delfor
700 1# - ENTRADA AGREGADA--NOMBRE PERSONAL
Nombre de persona Seifert, Josef
800 1# - PUNTO DE ACCESO ADICIONAL DE SERIE--NOMBRE DE PERSONA
Nombre de persona Gómez de Mier, Eugenio
942 ## - ELEMENTOS DE ENTRADA SECUNDARIOS (KOHA)
Tipo de ítem Koha Libros
998 ## - INFORMACIÓN DE CONTROL LOCAL (RLIN)
Iniciales del catalogador, CIN (RLIN) SILVI
Holdings
Estatus retirado Estado de pérdida Fuente de la clasificación o esquema de estantería Estado de daño No para préstamo Biblioteca de origen Biblioteca actual Fecha de adquisición Total de préstamos Signatura topográfica completa Código de barras Visto por última vez Precio de reemplazo Tipo de ítem Koha Restricciones de uso Ubicación en estantería
    Clasificación Decimal Dewey     Liberty Liberty 28/11/2025   37 C-CPC 28 064110 28/11/2025 28/11/2025 Libros    
    Clasificación Decimal Dewey     Liberty Liberty 28/11/2025   37 C-CPC 28 120463 28/11/2025 28/11/2025 Libros    
    Clasificación Decimal Dewey     Liberty Liberty 28/11/2025   37 C-CPC 28 120524 28/11/2025 28/11/2025 Libros    
    Clasificación Decimal Dewey   No para préstamo Liberty Liberty 28/11/2025   37 C-CPC 28 120526 28/11/2025 28/11/2025 Libros Acceso restringido  
    Clasificación Decimal Dewey   No para préstamo Liberty Liberty 28/11/2025   37 C-CPC 28 120563 28/11/2025 28/11/2025 Libros Acceso restringido